000 00895cab a22002295a 4500
001 L160025
008 150113e2016 xxk 000 0 eng d
035 _a(Sirsi) u160025
041 0 _aeng
050 _a690.2
100 1 _aBallantyne, Robert
245 0 0 _aSpecial portfolio
_h[electronic resource]
260 _aLondon
_bRICS
_c2016
490 _aRICS Building Surveying Journal
_vMay 2016 - June 2016, 24-25(2)
520 _aDescribes the challenges of working on a major portfolio of building surveys in Denmark
650 2 4 _aBUILDING SURVEYS
651 4 _aDenmark
690 _aBuilding surveying
_96225
856 4 0 _uhttps://www.rics.org/Global/BSJ-BCJ%20May-June%202016%20Interactive.pdf
_zView the article free of charge at www.rics.org...
856 4 0 _uhttps://www.rics.org/Global/BSJ-BCJ%20May-June%202016%20Interactive.pdf
_yAvailable free online via Issuu
942 _n0
_2ddc
999 _c85140
_d85140